|
|
|
|
| LEADER |
00995nam a22002772a 4500 |
| 001 |
000023487 |
| 003 |
CZ BrMZK |
| 005 |
20220207073721.0 |
| 008 |
950707s1993 xr f cze d |
| 015 |
|
|
|a cnb000365737
|
| 040 |
|
|
|a BOA001
|b cze
|
| 080 |
|
|
|a 615.851.3(035)
|2 MRF
|
| 080 |
|
|
|a 613(035)
|2 MRF
|
| 100 |
1 |
|
|a Jonáš, Josef,
|d 1945-2025
|7 jn19981001580
|
| 245 |
1 |
0 |
|a Tajenky života.
|n [Sv.]1,
|p Dveře stále otevřené
|
| 246 |
3 |
0 |
|a Dveře stále otevřené
|
| 250 |
|
|
|a 1.vyd.
|
| 260 |
|
|
|a Praha :
|b Eminent,
|c [asi 1993]
|
| 300 |
|
|
|a 106 s.
|
| 910 |
|
|
|a BOA001
|b PK-0120.972,1
|b 2-1092.757
|
| 964 |
|
|
|a Životospráva - výklady populární
|
| 964 |
|
|
|a Lékařství orientální - výklady populární
|
| 964 |
|
|
|a Terapie reflexní - příručky
|
| 990 |
|
|
|a BK
|
| 996 |
6 |
|
|b 2610728680
|c 2-1092.757
|l MZK
|r Sklad / do 1 hodiny
|n 0
|p dar
|w 000023487
|u 000020
|a 1
|e BOA001
|j MZK50
|s P
|
| 996 |
7 |
|
|b 2610756029
|c 2-1092.757
|l MZK
|r Sklad / do 1 hodiny
|n 4
|p dar
|w 000023487
|u 000030
|a 1
|e BOA001
|j MZK50
|s A
|